Pearson IIT Foundation Practice Book: (Record no. 197750)
[ view plain ]
| 000 -LEADER | |
|---|---|
| fixed length control field | 00774nam a22002177a 4500 |
| 005 - DATE AND TIME OF LATEST TRANSACTION | |
| control field | 20230901112000.0 |
| 008 - FIXED-LENGTH DATA ELEMENTS--GENERAL INFORMATION | |
| fixed length control field | 100407t xxu||||| |||| 00| 0 eng d |
| 010 ## - LCCN (DPL NO) | |
| LC control number | ENG-137929 |
| 020 ## - INTERNATIONAL STANDARD BOOK NUMBER | |
| International Standard Book Number | 9789357050012 |
| Terms of availability | 910.00 |
| 035 ## - SYSTEM CONTROL NUMBER | |
| System control number | EN-121459 |
| 037 ## - SOURCE OF ACQUISITION | |
| Source of stock number/acquisition | DBAD/PUB |
| 040 ## - CATALOGING SOURCE | |
| Original cataloging agency | DPL |
| 082 ## - DEWEY DECIMAL CLASSIFICATION NUMBER | |
| Classification number | 500 |
| 245 ## - TITLE STATEMENT | |
| Title | Pearson IIT Foundation Practice Book: |
| Remainder of title | Physics, Chemistry, Mathematics Class 10/ |
| 250 ## - EDITION STATEMENT | |
| Edition statement | 2023 |
| 260 ## - PUBLICATION, DISTRIBUTION, ETC. (IMPRINT) | |
| Place of publication, distribution, etc | Noida |
| Name of publisher, distributor, etc | Dorling Kindersley (India) Pvt. Ltd. Licensees of Pearson Education |
| Date of publication, distribution, etc | 2010 |
| 270 ## - ADDRESS | |
| Address | Ist Floor, Berger Tower, Plot No C-001A/2, Sector 16B |
| City | Uttar Pradesh |
| Postal code | 2013001 |
| 300 ## - PHYSICAL DESCRIPTION | |
| Extent | vpp. |
| Dimensions | 25cm.(pbk) |
| 500 ## - GENERAL NOTE | |
| General note | A Pathway TO Crack JEE useful For NTSE And Other Olympiad Exams |
| 942 ## - ADDED ENTRY ELEMENTS (KOHA) | |
| Source of classification or shelving scheme | Dewey Decimal Classification |
| Item type | English Books |
| Call number suffix | IIT |
| Classification part | 500 |
No items available.
